000 00601nam a22001817a 4500
005 20260107115734.0
008 260107b |||||||| |||| 00| 0 eng d
020 _a978-93-95664-32-5
041 _amar
082 _21St Edi
100 _a कुंटे शरद श्रीकृष्ण
_9216193
245 _aसामान्यांच्या असाधारण कर्तुत्वाच्या कथा भाग २
250 _a1St Edi
260 _aPune
_bBhartiya Vichar Sadhana Pune Prakashan
_c2023
300 _a376 P.
500 _aMarathi Book
942 _cBK
999 _c369708
_d369708